(27) - 50 villes les plus peuplées de l'Eure (27) - Statistiques

Statistiques générales
  • Ce quiz a été pris 17 fois
  • Le résultat moyen est 19 sur 50
Statistiques - réponses
nombre d'habitant ville % Correct
49 360 Évreux
100%
25 290 Vernon
100%
9 765 Bernay
92%
7 706 Les Andelys
92%
12 410 Gisors
83%
18 705 Louviers
83%
13 245 Val-de-Reuil
83%
6 746 Gaillon
67%
7 193 Verneuil d'Avre et d'Iton
67%
4 838 Conches-en-Ouche
58%
5 027 Pacy-sur-Eure
58%
10 023 Pont-Audemer
58%
4 704 Beuzeville
50%
4 026 Bourg-Achard
50%
4 282 Breteuil
50%
4 199 Le Neubourg
50%
4 414 Mesnil-en-Ouche
50%
6 078 Mesnils-sur-Iton
50%
3 234 Romilly-sur-Andelle
50%
3 644 Ézy-sur-Eure
42%
3 995 Grand Bourgtheroulde
42%
2 321 Nonancourt
42%
3 829 Saint-André-de-l'Eure
42%
5 524 Saint-Sébastien-de-Morsent
42%
4 185 Brionne
33%
3 670 Étrépagny
33%
4 012 Gravigny
33%
3 062 Gasny
25%
3 087 Guichainville
25%
5 111 Le Val d'Hazey
25%
3 624 Le Vaudreuil
25%
2 153 Saint-Aubin-sur-Gaillon
25%
6 015 Vexin-sur-Epte
25%
2 769 Beaumont-le-Roger
17%
2 167 Courcelles-sur-Seine
17%
2 044 La Bonneville-sur-Iton
17%
2 589 Pîtres
17%
4 133 Pont-de-l'Arche
17%
2 199 Rugles
17%
4 512 Saint-Marcel
17%
2 490 Clef Vallée d'Eure
8%
1 996 Garennes-sur-Eure
8%
2 609 Ivry-la-Bataille
8%
2 295 La Couture-Boussey
8%
1 975 Léry
8%
2 276 Nassandres sur Risle
8%
2 419 Saint-Ouen-de-Thouberville
8%
3 872 Bosroumois
0%
3 282 La Chapelle-Longueville
0%
3 827 Le Thuit de l'Oison
0%
Aucun quiz correspondant
Distribution des résultats
% des personnes avec chaque résultat
Percentile par nombre de réponses
Votre historique - résultats
Vous n’avez pas pris ce quiz